000 00637nam a22001817a 4500
003 NUST-PNEC
005 20170114142547.0
008 140718b xxu||||| |||| 00| 0 eng d
020 _a075467410X
040 _cPNEC
082 _a355.02 KAS
100 _9188
_aKassimeris George
245 _aThe Ashgate Research Companion to Modern Warfare
_cGeorge Kassimeris
300 _a482 p
500 _aIncludes index. http://www.amazon.com/Ashgate-Research-Companion-Modern-Warfare/dp/075467410X/ref=sr_1_1?s=books&ie=UTF8&qid=1405655684&sr=1-1&keywords=The+Ashgate+Research+Companion+to+Modern+Warfare
650 _xMIS
942 _2ddc
_cBK
999 _c60235
_d60235